Mathematical methods in chemical engineering (Record no. 25039)

000 -LEADER
fixed length control field 00548nam a22002051 4500
001 - CONTROL NUMBER
control field 25039
003 - CONTROL NUMBER IDENTIFIER
control field BD-DhUET
008 - FIXED-LENGTH DATA ELEMENTS--GENERAL INFORMATION
fixed length control field 730313s1963 xx 000 0 eng
040 ## - CATALOGING SOURCE
Original cataloging agency DLC
Transcribing agency OClU
Modifying agency BD-DhUET
082 ## - DEWEY DECIMAL CLASSIFICATION NUMBER
Classification number 660.28
Item number JEN/1963
100 ## - MAIN ENTRY--PERSONAL NAME
Personal name Jenson, V. G.
245 10 - TITLE STATEMENT
Title Mathematical methods in chemical engineering
250 ## - EDITION STATEMENT
Edition statement 1st ed.
260 ## - PUBLICATION, DISTRIBUTION, ETC. (IMPRINT)
Place of publication, distribution, etc. London
Name of publisher, distributor, etc. Academic Press
Date of publication, distribution, etc. 1963
300 ## - PHYSICAL DESCRIPTION
Extent xi, 556 p.
Other physical details illus.
Dimensions 24cm.
504 ## - BIBLIOGRAPHY, ETC. NOTE
Bibliography, etc Includes bibliographies
650 #0 - SUBJECT ADDED ENTRY--TOPICAL TERM
Topical term or geographic name as entry element Chemical engineering
700 ## - ADDED ENTRY--PERSONAL NAME
Personal name Jeffreys, G. V.
942 ## - ADDED ENTRY ELEMENTS (KOHA)
Koha item type General Book
Holdings
Copy number Withdrawn status Koha normalized classification for sorting Price effective from Koha full call number Lost status Koha item type Damaged status Koha date last seen Not for loan Sublocation or collection (holding branch) Source of classification or shelving scheme Date acquired Location (home branch) Piece designation (barcode) Shelving location
1 660_280000000000000_JEN_19632015-05-12660.28/JEN/1963 General Book 2015-05-12 Central Library, BUET 2015-05-12Central Library, BUET22438Circulation section
2 660_280000000000000_JEN_19632015-05-12660.28/JEN/1963 General Book 2015-05-12 Central Library, BUET 2015-05-12Central Library, BUET22440Circulation section
3 660_280000000000000_JEN_19632015-05-12660.28/JEN/1963 General Book 2015-05-12 Central Library, BUET 2015-05-12Central Library, BUET22434Circulation section
4 660_280000000000000_JEN_19632015-05-18660.28/JEN/1963 General Book 2015-05-18 Central Library, BUET 2015-05-18Central Library, BUET22432Circulation section
5 660_280000000000000_JEN_19632015-05-18660.28/JEN/1963 General Book 2015-05-18 Central Library, BUET 2015-05-18Central Library, BUET22435Circulation section
6 660_280000000000000_JEN_19632015-05-18660.28/JEN/1963 General Book 2015-05-18 Central Library, BUET 2015-05-18Central Library, BUET29450Circulation section
7 660_280000000000000_JEN_19632015-05-18660.28/JEN/1963 General Book 2015-05-18 Central Library, BUET 2015-05-18Central Library, BUET29449Circulation section
8 660_280000000000000_JEN_19632015-05-18660.28/JEN/1963 General Book 2015-05-18 Central Library, BUET 2015-05-18Central Library, BUET29448Circulation section
9 660_280000000000000_JEN_19632015-05-18660.28/JEN/1963 General Book 2015-05-18 Central Library, BUET 2015-05-18Central Library, BUET29457Circulation section
10 660_280000000000000_JEN_19632015-05-18660.28/JEN/1963 General Book 2015-05-18 Central Library, BUET 2015-05-18Central Library, BUET29454Circulation section
11 660_280000000000000_JEN_19632015-05-18660.28/JEN/1963 General Book 2015-05-18 Central Library, BUET 2015-05-18Central Library, BUET29453Circulation section
12 660_280000000000000_JEN_19632015-05-18660.28/JEN/1963 General Book 2015-05-18 Central Library, BUET 2015-05-18Central Library, BUET29451Circulation section
13 660_280000000000000_JEN_19632015-05-18660.28/JEN/1963 General Book 2015-05-18 Central Library, BUET 2015-05-18Central Library, BUET22431Circulation section
14 660_280000000000000_JEN_19632015-05-18660.28/JEN/1963 General Book 2015-05-18 Central Library, BUET 2015-05-18Central Library, BUET29452Circulation section
15 660_280000000000000_JEN_19632015-05-18660.28/JEN/1963 General Book 2015-05-18 Central Library, BUET 2015-05-18Central Library, BUET22436Circulation section
16 660_280000000000000_JEN_19632015-06-17660.28/JEN/1963 Reading Item 2015-06-17 Central Library, BUET 2015-06-17Central Library, BUET29456Reading section
17 660_280000000000000_JEN_19632015-06-18660.28/JEN/1963 Reading Item 2015-06-18 Central Library, BUET 2015-06-18Central Library, BUET29455.Reading section
18 660_280000000000000_JEN_19632015-07-10660.28/JEN/1963 Reading Item 2015-07-10 Central Library, BUET 2015-07-10Central Library, BUET22439Reading section